00420nam a22001337a 450000500170000000800410001704100120005808200120007010000120008224500560009426000850015030000260023565000250026120240820103845.0240820b |||||||| |||| 00| 0 eng d aEnglish a349 LAW lEnglish aThe Consolidated Index to Leading Reports 1991-2000 aLondon: bThe Incorporated Council of Law Reporting for England and Wales,c2001 b1186 pages; c25 cm.  aLegal practice bLaw